000 00640nam a2200205Ia 4500
003 GCL
008 140319s9999 xx 000 0 ara d
040 _aGCL /
_cGCL
082 0 4 _a615.852
_bز ش
100 1 _aزهير علوان
245 1 0 _aالشفاء بالبصل والثوم /
_cزهير علوان
250 _aالثانية
260 _aبيروت :
_bدار الفكر اللبنانى ،
_c1993
300 _a70 ص ؛
_c20 سم
650 0 4 _aالثوم الاستخدام العلاجى
650 0 4 _aالبصل
650 0 4 _aالبصل - الاستخدام العلاجى
650 0 4 _aالثوم
942 _2ddc
_cBK
999 _c5045
_d5045